| 000 | 01684nkm a2200361 i 4500 | ||
|---|---|---|---|
| 001 | 4166 | ||
| 003 | ES-MaACL | ||
| 005 | 20250713062939.0 | ||
| 007 | khrbo | ||
| 008 | 070629s1987 sp --- g |001||spa d | ||
| 100 | 0 |
_aAlfonso, _d1902-1990 _epht _919858 |
|
| 245 | 1 | 0 |
_aHomenaje a la memoria de Don Julio Luelmo _h[Fotografía] / _cAlfonso (sello). |
| 260 |
_a[S.l. : _bs.n.], _c1987. |
||
| 300 |
_a6 fotografías : _bblanco y negro ; _c12 x 18 cm. |
||
| 500 | _aDatos basados en invitación | ||
| 500 | _aSe procedió a la colocación del retrato de Julio Luelmo en la Galería de personalidades del Ateneo | ||
| 511 | 0 | _aIntervienen: José Prat García, César Navarro de Francisco, Eduardo González Peribáñez, César Herrero Herrero, Juan A. Portela | |
| 518 | _aActo organizado por el Ateneo de Madrid, celebrado en el salón de actos el jueves, 3 de diciembre de 1987, a las 20:00 h | ||
| 600 | 1 | 4 |
_974629 _aLuelmo, Julio, _d1906-1986 |
| 610 | 2 | 4 |
_aAteneo de Madrid- _xActos culturales- _y1987- _vFotografías. _91902 |
| 700 | 1 |
_993665 _aPrat, José, _d1905-1994 |
|
| 700 | 1 |
_985113 _aNavarro de Francisco, César, _d1932- |
|
| 700 | 1 |
_958871 _aGonzález Peribáñez, Eduardo |
|
| 700 | 1 |
_963319 _aHerrero Herrero, César |
|
| 700 | 0 |
_993203 _aPortela, Juan A. |
|
| 710 | 2 |
_aAteneo de Madrid. _91875 |
|
| 852 |
_aES-MaACL _jFOT 231/1987 _cDEPOZ |
||
| 856 | 4 |
_uhttp://www.ateneodemadrid.net/biblioteca_digital/imagenes/1987/0231_01-1987.jpg _zVer imagen |
|
| 856 | 4 |
_uhttp://www.ateneodemadrid.net/biblioteca_digital/imagenes/1987/0231_02-1987.jpg _zVer imagen |
|
| 942 |
_2udc _cFOTOGRAFIA _n0 |
||
| 999 |
_c4166 _d4166 |
||